| 000 | 00679nas a2200241 4500 | ||
|---|---|---|---|
| 001 | BR8003982 | ||
| 003 | BR-BrBNA | ||
| 005 | 20231205084343.0 | ||
| 007 | ta | ||
| 008 | 230509b bl.|||p| |||| 00| 00por d | ||
| 040 |
_aBR-BrBNA _bpor _cBiblioteca Nacional de Agricultura |
||
| 041 | _a(Pt) | ||
| 072 | _aP12 | ||
| 100 | 1 | _aCeli, M.P. | |
| 245 | 1 | _aLencol freatico. Construcao de pocos de observacao | |
| 650 | _aIRRIGACAO | ||
| 650 | _aDRENAGEM | ||
| 650 | _aLENCOL FREATICO | ||
| 650 | _aPOCO | ||
| 773 | 0 |
_tITEM. Irrigacao e Tecnologia Moderna (Brazil) _x _g(Jan 1980), (no. 2) p. 6-16 _wBR8003982 |
|
| 909 |
_a202311 _bLúcia _c55 _dLúcia Elande |
||
| 942 |
_2AGRIS _n0 _cANA |
||
| 999 |
_c104677 _d104677 |
||